| 000 | 00569 a2200205 4500 | ||
|---|---|---|---|
| 003 | NUST | ||
| 020 | _a9780471728979 | ||
| 038 | _akhadija | ||
| 040 |
_aDLC _bDLC |
||
| 082 | 0 | 0 |
_a510.2462 _bKRE |
| 100 | 1 |
_aKreyszig, Erwin. _988322 |
|
| 245 | 1 | 0 |
_aAdvanced Engineering Mathematics / _cErwin Kreyszig. |
| 250 | _a9th ed. | ||
| 260 |
_aHoboken, NJ : _bJohn Wiley, _cc2006. |
||
| 300 |
_a1 v. (various pagings) : _bill. ; _c27 cm. |
||
| 563 | _aHB | ||
| 650 | 0 |
_aMathematical physics. _988323 |
|
| 650 | 0 |
_aEngineering mathematics. _988324 |
|
| 942 |
_cBK _k510.2462 KRE _2ddc |
||
| 999 |
_c4422 _d4422 |
||